000
00246nam a2200097Ia 4500
001
1002879
005
20250826230439.0
008
250824s9999 xx 000 0 und d
245
0
_a
MARGE İŞBAŞINDA
_c
ISLA FISHER
260
_b
HEP KİTAP YAYINLARI
999
_c
1002879
_d
1002879